Score 0/13 Timer 01:00
2 Plays Today
% Correct
France
97%
Cote d'Ivoire
92%
Monaco
80.1%
Senegal
70.8%
Guinea
67.8%
Gabon
66.9%
Burkina Faso
66.3%
Mali
62.6%
Benin
62%
Democratic Republic of Congo
57.5%
Republic of Congo
57.1%
Niger
55.9%
Togo
52.1%

Today's Daily Dose

You're not logged in!

Compare scores with friends on all Sporcle quizzes.
OR
Log In

Sporcle TV

Today on Sporcle TV


Watch our educational content, quiz creation guides, and fun videos on Sporcle TV.

Show Comments

Extras

Top Quizzes Today


Score Distribution

Your Account Isn't Verified!

In order to create a playlist on Sporcle, you need to verify the email address you used during registration. Go to your Sporcle Settings to finish the process.

Report this User

Report this user for behavior that violates our Community Guidelines.

Details: